| 000 | 01223cam a2200313 a 4500 | ||
|---|---|---|---|
| 999 |
_c529463 _d529463 |
||
| 001 | 4243358 | ||
| 003 | NUST | ||
| 005 | 20190926124500.0 | ||
| 008 | 831121s1983 dcua b f000 0 eng | ||
| 010 | _a 83051383 | ||
| 020 |
_a0309035643 (pbk.) : _c$6.40 |
||
| 038 | _aMSOHAIL | ||
| 040 |
_aDLC _cDLC _dDLC |
||
| 050 | 0 | 0 |
_aT55.3.H3 _bR69 1983 |
| 082 | 0 | 0 |
_a604.7 _219 |
| 100 | 1 |
_aRowe, William D., _d1930- _921577 |
|
| 245 | 1 | 0 |
_aRisk assessment processes for hazardous materials transportation / _cWilliam D. Rowe ; topic panel, Ludwig Benner, Jr. ... [et al.]. |
| 260 |
_aWashington, D.C. : _bTransportation Research Board, National Research Council, _c[1983] |
||
| 300 |
_a27 p. : _bill. ; _c28 cm. |
||
| 490 | 1 |
_aSynthesis of highway practice / National Cooperative Highway Research Program, _x0547-5570 ; _v103 |
|
| 500 | _a"November 1983." | ||
| 504 | _aBibliography: p. 24. | ||
| 650 | 0 |
_aHazardous substances _xTransportation. _921578 |
|
| 650 | 0 |
_aHealth risk assessment. _921579 |
|
| 710 | 2 |
_aNational Research Council (U.S.). _bTransportation Research Board. _919676 |
|
| 830 | 0 |
_aSynthesis of highway practice ; _v103. _921580 |
|
| 906 |
_a7 _bcbc _corignew _d3 _eocip _f19 _gy-gencatlg |
||
| 942 |
_2ddc _cBK |
||